|
|
|
|
| LEADER |
04261nam a22004213i 4500 |
| 001 |
EBC6355554 |
| 003 |
MiAaPQ |
| 005 |
20231204023215.0 |
| 006 |
m o d | |
| 007 |
cr cnu|||||||| |
| 008 |
231204s2020 xx o ||||0 eng d |
| 020 |
|
|
|a 9783030548025
|q (electronic bk.)
|
| 020 |
|
|
|z 9783030548018
|
| 035 |
|
|
|a (MiAaPQ)EBC6355554
|
| 035 |
|
|
|a (Au-PeEL)EBL6355554
|
| 035 |
|
|
|a (OCoLC)1243553253
|
| 040 |
|
|
|a MiAaPQ
|b eng
|e rda
|e pn
|c MiAaPQ
|d MiAaPQ
|
| 050 |
|
4 |
|a HN
|
| 082 |
0 |
|
|a 616.89009034
|
| 100 |
1 |
|
|a Jansson, Åsa.
|
| 245 |
1 |
0 |
|a From Melancholia to Depression :
|b Disordered Mood in Nineteenth-Century Psychiatry.
|
| 250 |
|
|
|a 1st ed.
|
| 264 |
|
1 |
|a Cham :
|b Springer International Publishing AG,
|c 2020.
|
| 264 |
|
4 |
|c {copy}2021.
|
| 300 |
|
|
|a 1 online resource (244 pages)
|
| 336 |
|
|
|a text
|b txt
|2 rdacontent
|
| 337 |
|
|
|a computer
|b c
|2 rdamedia
|
| 338 |
|
|
|a online resource
|b cr
|2 rdacarrier
|
| 490 |
1 |
|
|a Mental Health in Historical Perspective Series
|
| 505 |
0 |
|
|a Intro -- Preface -- Acknowledgements -- Contents -- 1 Introduction: Disordered Mood as Historical Problem -- A Note on Language -- Melancholy and Melancholia Before the Nineteenth Century -- The Changing Face of Melancholia -- Melancholia and the History of Psychiatry -- Structure of the Book -- 2 The Scientific Foundation of Disordered Mood -- Reflex Action, Automatism, and Emotion in Medical Science -- The Reflex Concept -- Irritation and Morbid Sensibility: From Internal to Psychological Medicine -- From Sensory-Motor Reflex to Psychological Automatism -- The Physiology of Disordered Emotion in Mid-Century British Medicine -- William Benjamin Carpenter -- Thomas Laycock -- Morbid Sensibility and Morbid Introspection -- Conclusion -- 3 The Classification of Melancholia in Mid-Nineteenth-Century British Medicine -- Melancholia, Monomania and Moral Insanity -- 'Depression' as a Symptom of Melancholia -- From Conolly to Sankey: Remaking Melancholia -- Conclusion -- 4 Melancholia and the New Biological Psychiatry -- Wilhelm Griesinger: From Cerebral Irritation to Mental Depression -- 'Pain Is Awakened by the Slightest Impression': Griesinger's Melancholia -- Henry Maudsley: Disordered Emotion in an Evolutionary Context -- Towards a Nosological Reification of Melancholia -- Melancholia on the Continent: Folie Circulaire and Psychische Neuralgie -- Mood Disorder or Nervous Exhaustion? Melancholia and Neurasthenia -- Melancholia Across the Atlantic -- Conclusion -- 5 Statistics, Classification, and the Standardisation of Melancholia -- The Problem of Diagnosis in Psychological Medicine -- Classification and Medical Statistics -- Asylum Statistics and the Standardisation of Recording Practices -- Melancholia and Suicidal Tendencies -- The Historical Roots of 'Mental Pain' -- 'Religious Delusions' and 'The Unpardonable Sin'.
|
| 505 |
8 |
|
|a Nosological Shifts: Maudsley Revisited -- Towards a Standardised Diagnosis -- Obscuring the Boundary between Normal and Pathological Emotions -- Conclusion -- 6 Diagnosing Melancholia in the Victorian Asylum -- A Note on Asylum Records -- Thomas Clouston and the Modernisation of Morningside -- A 'Typical' Case of Melancholia -- Typical and Untypical Cases: Melancholia from the Textbook to the Asylum Ward -- Suicidal Melancholics -- Conclusion -- 7 Conclusion: Melancholia, Depression, and the Politics of Classification -- Alternative Models of Melancholia -- From Melancholia to Depression -- The Politics of Pathological Emotionality -- Conclusion -- Index.
|
| 588 |
|
|
|a Description based on publisher supplied metadata and other sources.
|
| 590 |
|
|
|a Electronic reproduction. Ann Arbor, Michigan : ProQuest Ebook Central, 2023. Available via World Wide Web. Access may be limited to ProQuest Ebook Central affiliated libraries.
|
| 655 |
|
4 |
|a Electronic books.
|
| 776 |
0 |
8 |
|i Print version:
|a Jansson, Åsa
|t From Melancholia to Depression
|d Cham : Springer International Publishing AG,c2020
|z 9783030548018
|
| 797 |
2 |
|
|a ProQuest (Firm)
|
| 830 |
|
0 |
|a Mental Health in Historical Perspective Series
|
| 856 |
4 |
0 |
|u https://ebookcentral.proquest.com/lib/matrademy/detail.action?docID=6355554
|z Click to View
|